sanah - Szampan - Statystyki

Ogólne statystyki
  • Ten quiz został rozwiązany 197 razy
    190 od ostatniego zresetowania
  • Średni wynik to 213 z 249
Statystyki odpowiedzi
Answers % Poprawnych
Szampan
99%
szampan
99%
się
98%
Szampan
98%
A
97%
a
97%
co
97%
o
97%
O
97%
to
97%
wylewa
97%
chodzi?
96%
mówi
96%
mu
96%
ten
96%
Ten
96%
toast
96%
coś
95%
95%
gość
94%
mogę
94%
wznieść
93%
nie
92%
chce
84%
Ktoś
84%
mnie
84%
gada
83%
za
82%
niech
80%
szkodzi
78%
Ale
77%
czas?
77%
czy
77%
Czy
77%
ja
77%
na
77%
jeszcze
76%
mam
76%
tak
76%
tu
76%
znajdę
76%
dissuje
75%
Do
75%
górkę
75%
Pod
75%
spoko
75%
byłeś
74%
Sama
74%
uroczy
74%
wybrałam
74%
biegu
73%
drogę
73%
łzy
73%
pisałam
73%
start
73%
że
73%
chciałam
72%
już
72%
mi
72%
oczy
72%
siak
72%
udawać
72%
Będę
71%
moje
71%
Zamykam
71%
boli
68%
I
66%
łatwo
62%
znów
58%
On
57%
wchodził
55%
typ
54%
ostatni
52%
raz
52%
szepcze
52%
Pronto
51%
pronto
51%
brak
49%
pożegnanie
49%
sił
49%
iść
48%
musisz
48%
Spojrzę
38%
Nie znaleziono quizów pasujących do podanych kryteriów
Rozkład punktacji
Procent ludzi z każdym wynikiem
Percentyl według liczby udzielonych odpowiedzi
Twoja historia wyników
Nie rozwiązałeś tego quizu od ostatniego zresetowania